00367nam a2200109Ia 4500008004100000020001400041040002900055050002100084100003800105245008200143260003200225230222s9999||||xx |||||||||||||| ||und|| a140600019 cChuka University Library aBD 175 bB4 1966 aBerger, Peter L., Thomas Luckmann 4aThe social construction of reality :a treatise in the sociology of knowledge  aPenguin booksbLondonc1966